Statistiques concernant Les 41 nationalités ayant été dans l'espace

Cliquez ici pour prendre le quiz!

Statistiques générales

  • Ce quiz a été pris 113 fois
  • Le résultat moyen est 26 sur 41

Statistiques - réponses

DateAstronauteAppareilRéponse% Correct
5 mai 1961Alan ShepardMR-3États-Unis
99%
24 juin 1982Jean-Loup ChrétienSoyouz T-6France
98%
2 décembre 1990Toyohiro AkiyamaSoyouz TM-11Japon
93%
17 mars 1992Aleksandr KaleriSoyouz TM-14Russie
93%
15 octobre 2003Yang LiweiShenzhou 5Chine
91%
29 octobre 1998Pedro DuqueSTS-95Espagne
91%
28 novembre 1983Ulf MerboldSTS-9Allemagne de l'Ouest
88%
5 octobre 1984Marc GarneauSTS-41-GCanada
88%
3 avril 1984Rakesh SharmaSoyouz T-11Inde
88%
31 juillet 1992Franco MalerbaSTS-46Italie
85%
26 novembre 1985Rodolfo Neri VelaSTS-61-BMexique
85%
30 mars 2006Marcos PontesSoyouz TMA-8Brésil
82%
18 mai 1991Helen SharmanSoyouz TM-12Royaume-Uni
82%
27 juin 1978Mirosław HermaszewskiSoyouz 30Pologne
80%
19 novembre 1997Leonid KadenyukSTS-87Ukraine
78%
8 avril 2008Yi So-yeonSoyouz TMA-12Corée du Sud
77%
10 décembre 2006Christer FuglesangSTS-116Suède
77%
12 avril 1961Youri GagarineVostok 1Union soviétique
71%
31 juillet 1992Claude NicollierSTS-46Suisse
70%
24 mars 1992Dirk FrimoutSTS-45Belgique
69%
30 octobre 1985Wubbo OckelsSTS-61-APays-Bas
68%
2 septembre 2015Andreas MogensenSoyouz TMA-18MDanemark
64%
18 septembre 2006Anousheh AnsariSoyouz TMA-9Iran
61%
2 octobre 1991Franz ViehböckSoyouz TM-13Autriche
60%
17 juin 1985Sultan Al SaoudSTS-51-GArabie saoudite
58%
26 mai 1980Bertalan FarkasSoyouz 36Hongrie
55%
14 mai 1981Dumitru PrunariuSoyouz 40Roumanie
52%
2 septembre 2015Aïdyn AimbetovSoyouz TMA-18MKazakhstan
46%
25 avril 2002Mark ShuttleworthSoyouz TM-34Afrique du Sud
44%
23 juillet 1980Phạm TuânSoyouz 37Vietnam
44%
25 septembre 2019Hazza Al MansouriSoyouz MS-15Émirats arabes unis
43%
16 janvier 2003Ilan RamonSTS-107Israël
41%
10 avril 1979Georgi IvanovSoyouz 33Bulgarie
39%
22 mars 1981Jügderdemidiin GürragchaaSoyouz 39Mongolie
38%
20 février 1999Ivan BellaSoyouz TM-29Slovaquie
35%
18 septembre 1980Arnaldo Tamayo MéndezSoyouz 38Cuba
28%
22 juillet 1987Muhammed FarisSoyouz TM-3Syrie
26%
2 mars 1978Vladimír RemeSoyouz 28Tchécoslovaquie
22%
26 août 1978Sigmund JähnSoyouz 31Allemagne de l'Est
21%
29 août 1988Abdul Ahad MohmandSoyouz TM-6Afghanistan
15%
10 octobre 2007Sheikh Muszaphar ShukorSoyouz TMA-11Malaisie
15%

Distribution des résultats

Percentile par nombre de réponses

% des personnes avec chaque résultat

Votre développement - résultats

Vous n’avez pas pris ce quiz